1697 1285 1888 1102 1170 1097 1593 1754 1506 1925 1282 1237 1620 1406 1172 1190 1298 1829 1753 1346 1313 1603 1170 1864 1907 1091 1222 1668 1247 1462 1233 1289 1128 1718 1048 1805 1506 1267 1765 1352 1920 1861 1773 1983 1602 1439 1097 1366 1847 1106 1147 1256 1319 1330 1656 1756 1127 1717 1144 1920 1145 1582 1087 1468 1032 1829 1486 1835 1609 1890 1849 1841 1261 1875 1258 1153 1152 1646 1683 1173 1690 1896 1086 1982 1896 1962 1516 1720 1360 1184 1389 1021 1072 1782 1782 1470 1956 1648 1096 BCNSPRNW ULIB Ver.6.0+V

เปลี่ยนเป็นภาษาไทย

Change to English
 แสดงรายละเอียดบรรณานุกรม
  กลับหน้าหลัก

Brief Record : Get Marc (ISO 2709) : E-mail record : QR code < ปิดหน้าต่าง
LEADER : 00000nam 2200000uu 4500
001    13399114215
003     ULIB
008    120305s2553||||th 000 0 tha d
020    ^a9786167287096
050  4 ^aBQ4570.L5^bช530ธ 2553
100 0  ^aชิษณุ พันธุ์เจริญ และคณะ
245 10 ^aธรรมะให้คิด(ส์) /^cชิษณุ พันธุ์เจริญ
250    ^aพิมพ์ครั้งที่ 1
260    ^aกรุงเทพฯ :^bภาพพิมพ์,^c2553
300    ^a 112 หน้า :^bภาพประกอบ ;^c16 ซม.
650  7 ^aธรรมะ (พุทธศาสนา)
945    ^p150^l0^i18132
995    ^aกัณชพร
999    ^aใช้งานได้ทุกระบบ
รายการนี้ยังไม่มีแท็ก
คุณยังไม่ได้ล็อกอิน คุณสามารถมีกิจกรรมร่วมกับเว็บไซต์ได้ แต่ต้องล็อกอินก่อน ::
  ล็อกอิน

รายการสื่อสารสนเทศ

ลำดับที่ ประเภท เลขเรียก/บาร์โค้ด สถานที่ สถานะ
- ไม่พบข้อมูล -

รายการใกล้เคียง
    หัวเรื่อง [ธรรมะ (พุทธศาสนา)]

BibComment


ยังไม่เคยถูกคอมเมนท์

คอมเมนท์ทรัพยากรรายการนี้
  คอมเมนท์: ธรรมะให้คิดส์ ช..


 Copyright 2026. Bcnsprnw @Library